<?xml version="1.0" encoding="UTF-8"?>
<record
    xmlns:xsi="http://www.w3.org/2001/XMLSchema-instance"
    xsi:schemaLocation="http://www.loc.gov/MARC21/slim http://www.loc.gov/standards/marcxml/schema/MARC21slim.xsd"
    xmlns="http://www.loc.gov/MARC21/slim">

  <leader>01496nam a22002777a 4500</leader>
  <datafield tag="999" ind1=" " ind2=" ">
    <subfield code="c">8297</subfield>
    <subfield code="d">8297</subfield>
  </datafield>
  <controlfield tag="005">20180301161706.0</controlfield>
  <controlfield tag="008">140317t2009       ad  gr|||| 00| 0 eng d</controlfield>
  <datafield tag="020" ind1=" " ind2=" ">
    <subfield code="a">9789290592518</subfield>
  </datafield>
  <datafield tag="040" ind1=" " ind2=" ">
    <subfield code="a">CO-BoIAVH</subfield>
    <subfield code="c">CO-BoIAVH</subfield>
  </datafield>
  <datafield tag="041" ind1=" " ind2=" ">
    <subfield code="a">eng</subfield>
  </datafield>
  <datafield tag="082" ind1=" " ind2=" ">
    <subfield code="a">327.17</subfield>
    <subfield code="b">G53b</subfield>
  </datafield>
  <datafield tag="110" ind1="2" ind2=" ">
    <subfield code="a">Global Invasive Species Programme</subfield>
  </datafield>
  <datafield tag="242" ind1="1" ind2="0">
    <subfield code="a">Mejores Pr&#xE1;cticas en la Evaluaci&#xF3;n de Riesgos de la Pre-importaci&#xF3;n de Especies de Animales Vivos en el Comercio Internacional</subfield>
    <subfield code="b">Actas de un Seminario de Expertos sobre la Prevenci&#xF3;n de Invasiones Biol&#xF3;gicas</subfield>
    <subfield code="c">Global Invasive Species Programme, University of Notre Dame, Defenders of Wildlife</subfield>
  </datafield>
  <datafield tag="245" ind1="1" ind2="0">
    <subfield code="a">Best Practices in Pre-import Risk Screening for Species of Live Animals in International Trade</subfield>
    <subfield code="b">Proceedings of an Expert Workshop on Preventing Biological Invasions</subfield>
    <subfield code="c">Global Invasive Species Programme, University of Notre Dame, Defenders of Wildlife</subfield>
  </datafield>
  <datafield tag="260" ind1="3" ind2=" ">
    <subfield code="a">Nairobi</subfield>
    <subfield code="b">Global Invasive Species Programme</subfield>
    <subfield code="c">2009</subfield>
  </datafield>
  <datafield tag="300" ind1=" " ind2=" ">
    <subfield code="a">30 p.</subfield>
    <subfield code="b">il., tablas</subfield>
    <subfield code="c">30 cm</subfield>
  </datafield>
  <datafield tag="650" ind1=" " ind2="4">
    <subfield code="a">Conceptos</subfield>
    <subfield code="v">Estudio de Casos</subfield>
    <subfield code="x">Evaluaci&#xF3;n de Riegos</subfield>
  </datafield>
  <datafield tag="650" ind1=" " ind2="4">
    <subfield code="a">Herramientas</subfield>
    <subfield code="v">Estudio de Casos</subfield>
    <subfield code="x">Evaluaci&#xF3;n de Riegos</subfield>
  </datafield>
  <datafield tag="650" ind1=" " ind2="4">
    <subfield code="a">Evaluaci&#xF3;n de Riesgos</subfield>
    <subfield code="v">Estudio de Casos</subfield>
    <subfield code="x">Implementaci&#xF3;n</subfield>
  </datafield>
  <datafield tag="650" ind1=" " ind2="4">
    <subfield code="a">Acuerdos Internacionales</subfield>
    <subfield code="v">Estudio de Casos</subfield>
  </datafield>
  <datafield tag="700" ind1="1" ind2=" ">
    <subfield code="a">Simons, Sarah</subfield>
    <subfield code="e">ed</subfield>
  </datafield>
  <datafield tag="700" ind1="1" ind2=" ">
    <subfield code="a">Poorter, Maj De</subfield>
    <subfield code="e">ed</subfield>
  </datafield>
  <datafield tag="710" ind1="2" ind2=" ">
    <subfield code="a">University of Notre Dame</subfield>
  </datafield>
  <datafield tag="710" ind1="2" ind2=" ">
    <subfield code="a">Defenders of Wildlife</subfield>
  </datafield>
  <datafield tag="942" ind1=" " ind2=" ">
    <subfield code="2">ddc</subfield>
    <subfield code="c">Impreso</subfield>
  </datafield>
  <datafield tag="952" ind1=" " ind2=" ">
    <subfield code="0">0</subfield>
    <subfield code="1">0</subfield>
    <subfield code="2">ddc</subfield>
    <subfield code="4">0</subfield>
    <subfield code="7">0</subfield>
    <subfield code="8">GENERAL</subfield>
    <subfield code="I">INV2017</subfield>
    <subfield code="a">Bogota</subfield>
    <subfield code="b">Bogota</subfield>
    <subfield code="d">2014-03-17</subfield>
    <subfield code="e">Instituto</subfield>
    <subfield code="g">20000.00</subfield>
    <subfield code="l">0</subfield>
    <subfield code="o">LB-327.17 G53b</subfield>
    <subfield code="p">034235</subfield>
    <subfield code="r">2014-03-17 00:00:00</subfield>
    <subfield code="t">Ej. 1</subfield>
    <subfield code="w">2014-03-17</subfield>
    <subfield code="y">LIBRO</subfield>
  </datafield>
</record>
